000 00326nam a2200133Ia 4500
008 151001s9999||||xx |||||||||||||| ||und||
100 _aविनोद
245 _aलोकमान्य टिळक
250 _a1
260 _bशिक्षा भारती
260 _c1980
300 _a48
365 _b18
999 _c961967
_d961964